[Event "Campeonato Brasileiro Amador 2019 U1800"]
[Site "Sao Paulo"]
[Date "2019.06.20"]
[Round "1.1"]
[White "Davanso, Joao Pedro"]
[Black "Vitielo, Alecio Elias"]
[Result "0-1"]
[WhiteElo "1655"]
[BlackElo "1799"]
[PlyCount "86"]
[EventDate "2019.06.20"]

1. e4 c5 2. Nf3 d6 3. d4 cxd4 4. Nxd4 Nf6 5. Nc3 a6 6. Be2 e5 7. Nb3 Be6 8. O-O
Be7 9. Be3 O-O 10. f4 Qc7 11. f5 Bc8 12. g4 d5 13. exd5 Bd6 14. g5 Ne8 15. Ne4
b6 16. c4 Nd7 17. Rc1 Nc5 18. Nbxc5 Bxc5 19. Bxc5 bxc5 20. f6 g6 21. Bg4 Nd6
22. Nxd6 Qxd6 23. Bf3 Bf5 24. Qe1 h5 25. Bxh5 Kh7 26. Qh4 Rh8 27. Rxf5 Kg8 28.
Rf2 Rxh5 29. Qg4 e4 30. Rc3 Qe5 31. h4 Qd4 32. Qf4 Re8 33. Rcc2 Qd1+ 34. Kg2 e3
35. Rfe2 Qd4 36. Kf3 Rxh4 37. Qxd4 cxd4 38. d6 d3 39. d7 Rd8 40. c5 dxe2 41.
Rxe2 Rxd7 42. Rxe3 Rc4 43. Kf2 Rxc5 0-1

[Event "Campeonato Brasileiro Amador 2019 U1800"]
[Site "Sao Paulo"]
[Date "2019.06.20"]
[Round "1.2"]
[White "Soares, Gustavo Henrique"]
[Black "Ramos, Beny Irwing Pankiewi"]
[Result "1-0"]
[WhiteElo "1799"]
[BlackElo "1654"]
[PlyCount "123"]
[EventDate "2019.06.20"]

1. d4 Nf6 2. Bg5 g6 3. Bxf6 exf6 4. e3 Bg7 5. g3 d5 6. Bg2 O-O 7. Ne2 c6 8. Nd2
Bg4 9. O-O Re8 10. Re1 Nd7 11. c4 dxc4 12. Nxc4 Nb6 13. Nxb6 Qxb6 14. Qd2 Rad8
15. b4 Bh6 16. Nf4 Be6 17. Qc3 Bxf4 18. gxf4 Bd5 19. e4 Be6 20. d5 Bd7 21. Qxf6
Qxb4 22. Reb1 Qc5 23. Rxb7 cxd5 24. exd5 Re7 25. d6 Ree8 26. Rc7 Qb6 27. Bc6
Qxc6 28. Rxc6 Bxc6 29. Rc1 Bd5 30. f3 Be6 31. Qd4 Rd7 32. Rc7 Red8 33. Rxd7
Rxd7 34. a3 Bf5 35. Kf2 Be6 36. Ke3 Rb7 37. Qa4 Rd7 38. Qa6 h5 39. h4 Kg7 40.
Qc6 Kf8 41. Ke4 Kg7 42. Kd4 f6 43. Kc5 g5 44. fxg5 fxg5 45. hxg5 Kg6 46. Qe4+
Bf5 47. Qf4 h4 48. Qxh4 Rh7 49. Qxh7+ Kxh7 50. Kc6 Kg6 51. d7 Bxd7+ 52. Kxd7
Kxg5 53. Kc6 a5 54. a4 Kf4 55. Kb5 Kxf3 56. Kxa5 Ke4 57. Kb6 Kd5 58. a5 Kd6 59.
a6 Kd7 60. Kb7 Kd8 61. a7 Kd7 62. a8=Q 1-0

[Event "Campeonato Brasileiro Amador 2019 U1800"]
[Site "Sao Paulo"]
[Date "2019.06.20"]
[Round "1.3"]
[White "Da Rosa, Henrique Jaze Simoes"]
[Black "Nunes, Gustavo Morais"]
[Result "1-0"]
[WhiteElo "1645"]
[BlackElo "1798"]
[PlyCount "73"]
[EventDate "2019.06.20"]

1. Nf3 d5 2. c4 e6 3. g3 Nf6 4. Bg2 Be7 5. O-O O-O 6. d4 Nbd7 7. Qc2 b6 8. cxd5
exd5 9. Nc3 Bb7 10. Bf4 Nh5 11. Bd2 h6 12. Rac1 c5 13. Rfd1 Qc7 14. Be3 c4 15.
b3 a6 16. Nd2 Ba3 17. Rb1 Rac8 18. b4 Qd6 19. Qa4 Bxb4 20. Qxb4 Qxb4 21. Rxb4
Nhf6 22. Rc1 Bc6 23. a4 Rb8 24. Nxc4 Bxa4 25. Nxd5 Bb5 26. Bf4 Nxd5 27. Bxd5
Rbd8 28. Bc7 Rc8 29. Nd6 Nf6 30. Bf3 g5 31. Nxc8 Rxc8 32. Bb7 Re8 33. e3 Re6
34. d5 Re7 35. d6 Re8 36. Bxb6 Rb8 37. Rc8+ 1-0

[Event "Campeonato Brasileiro Amador 2019 U1800"]
[Site "Sao Paulo"]
[Date "2019.06.20"]
[Round "1.4"]
[White "Vieira, Paulo Cesar"]
[Black "Bocca, Edson Ricardo"]
[Result "1-0"]
[WhiteElo "1794"]
[BlackElo "1645"]
[PlyCount "69"]
[EventDate "2019.06.20"]

1. e4 e5 2. Nf3 Nc6 3. Bc4 d6 4. c3 Bg4 5. Qb3 Na5 6. Bxf7+ Ke7 7. Qa4 Bxf3 8.
gxf3 Kxf7 9. Qxa5 b6 10. Qd5+ Ke7 11. d4 Nf6 12. Bg5 h6 13. Bxf6+ gxf6 14. Rg1
h5 15. Nd2 Bh6 16. Nc4 Qd7 17. Ne3 Qe6 18. Nf5+ Kd7 19. Qb5+ c6 20. Qa6 Qe8 21.
Qb7+ Ke6 22. d5+ cxd5 23. Qxd5+ Kd7 24. Qxd6+ Kc8 25. Qxf6 Bd2+ 26. Kxd2 Qd7+
27. Qd6 Qb5 28. Ne7+ Kb7 29. Qd5+ Qxd5+ 30. Nxd5 Raf8 31. Rg7+ Kc6 32. Ke3 a5
33. Rag1 Rh6 34. R1g6+ Rxg6 35. Rxg6+ 1-0

[Event "Campeonato Brasileiro Amador 2019 U1800"]
[Site "Sao Paulo"]
[Date "2019.06.20"]
[Round "1.5"]
[White "Da Rocha, Lucas Sampaio"]
[Black "Da Silva, Joao Carlos Orguim"]
[Result "0-1"]
[WhiteElo "1637"]
[BlackElo "1793"]
[PlyCount "76"]
[EventDate "2019.06.20"]

1. d4 d5 2. c4 dxc4 3. e4 Nf6 4. Nc3 e6 5. Bxc4 a6 6. Nf3 b5 7. Bd3 Bb7 8. Bg5
h6 9. Bxf6 Qxf6 10. O-O c5 11. e5 Bxf3 12. exf6 Bxd1 13. Rfxd1 gxf6 14. dxc5
Bxc5 15. Rac1 O-O 16. Ne4 Be7 17. Rc7 Bd8 18. Rc8 Be7 19. Rc7 Bd8 20. Rc8 f5
21. Bc2 Be7 22. Rc7 Bd8 23. Rc8 Bh4 24. Rxf8+ Kxf8 25. g3 Be7 26. Nc3 Bf6 27.
Rd6 Ke7 28. Rb6 Nd7 29. Rc6 Kd8 30. Bb3 Ra7 31. Kg2 Nb8 32. Rd6+ Kc7 33. Rd3
Nd7 34. Rf3 Kd8 35. h3 Ke7 36. Bd1 Ne5 37. Rf4 Nd3 38. Rf3 Ne1+ 0-1

[Event "Campeonato Brasileiro Amador 2019 U1800"]
[Site "Sao Paulo"]
[Date "2019.06.20"]
[Round "1.6"]
[White "Teles, Lucas Marquetotti"]
[Black "Da Silva, Matheus Lopes"]
[Result "1/2-1/2"]
[WhiteElo "1790"]
[BlackElo "1633"]
[Annotator "Kleyt"]
[PlyCount "105"]
[EventDate "2019.06.20"]

1. e3 d5 2. b3 Nf6 3. Bb2 a6 4. Be2 e6 5. f4 Bd6 6. Nf3 Nbd7 7. O-O O-O 8. Ne5
Bxe5 9. fxe5 Ne8 10. Qe1 c5 11. a4 Qc7 12. Qg3 f6 13. exf6 Qxg3 14. f7+ Rxf7
15. hxg3 Rxf1+ 16. Kxf1 Nef6 17. d3 e5 18. Nd2 Rb8 19. a5 Kf7 20. Kf2 h5 21. e4
d4 22. Nc4 Ke6 23. Ba3 g6 24. Rh1 b5 25. axb6 Nxb6 26. Nd2 Kd6 27. Nf1 Bg4 28.
Nh2 Bxe2 29. Kxe2 Nbd7 30. Ra1 Ra8 31. Bc1 Ke6 32. Ra5 Kd6 33. Ba3 Kc6 34. Bc1
Ne8 35. Nf3 Nc7 36. Bd2 Rb8 37. Nh4 Nf8 38. Ra1 Nce6 39. Rxa6+ Rb6 40. Ra8 Kb7
41. Ra1 Ra6 42. Rxa6 Kxa6 43. Nf3 Nd7 44. Ng5 Nxg5 45. Bxg5 Kb5 46. Be7 Kc6 47.
Kf3 Nb8 48. b4 cxb4 49. Bxb4 Kd7 50. g4 Ke6 51. gxh5 gxh5 52. Kg3 Kf6 53. Kh4 {
Ilegível} 1/2-1/2

[Event "Campeonato Brasileiro Amador 2019 U1800"]
[Site "Sao Paulo"]
[Date "2019.06.20"]
[Round "1.9"]
[White "Olivo, Anibal Ribeiro"]
[Black "Ribeiro, Daniel Malta"]
[Result "1/2-1/2"]
[WhiteElo "1616"]
[BlackElo "1775"]
[PlyCount "101"]
[EventDate "2019.06.20"]

1. e4 e5 2. Nf3 Nf6 3. Nxe5 d6 4. Nf3 Nxe4 5. Nc3 Nxc3 6. dxc3 Be7 7. Be3 Nc6
8. Qd2 Be6 9. O-O-O Qd7 10. Kb1 h6 11. Nd4 a6 12. Nxe6 fxe6 13. g3 O-O-O 14.
Bg2 Ne5 15. Qd4 c5 16. Qe4 Qc6 17. Qxc6+ Nxc6 18. f4 Bf6 19. Rhe1 Kc7 20. Bf2
Rhe8 21. Rd2 Na5 22. Be4 Nc6 23. Red1 b6 24. Bg6 Re7 25. a3 d5 26. Re1 e5 27.
fxe5 Nxe5 28. Bd3 Kc6 29. Be2 Bg5 30. Rdd1 Rde8 31. h4 Bf6 32. Bf1 b5 33. Bg2
Rd8 34. Re2 Ng4 35. Rxe7 Bxe7 36. Be1 Ne3 37. Rd2 Nxg2 38. Rxg2 d4 39. cxd4
Rxd4 40. Kc1 Rg4 41. Bc3 Bxh4 42. Re2 Bxg3 43. Re6+ Kd5 44. Rxa6 b4 45. axb4
cxb4 46. Bd2 Bf4 47. Bxf4 Rxf4 48. Rg6 Rf7 49. Kd2 Rc7 50. Kd3 Ke5 51. Rb6
1/2-1/2

[Event "Campeonato Brasileiro Amador 2019 U1800"]
[Site "Sao Paulo"]
[Date "2019.06.20"]
[Round "1.10"]
[White "Silva, Rodrigo Souza"]
[Black "Sato, Claudio Takeshi"]
[Result "1/2-1/2"]
[WhiteElo "1769"]
[BlackElo "1609"]
[PlyCount "161"]
[EventDate "2019.06.20"]

1. e4 e5 2. Nf3 Nc6 3. Bc4 Bc5 4. b4 Bxb4 5. c3 Ba5 6. Qb3 Qe7 7. O-O Nf6 8.
Ba3 d6 9. d4 O-O 10. d5 Nd8 11. Nbd2 a6 12. Bd3 b5 13. c4 Bxd2 14. Nxd2 bxc4
15. Nxc4 Nb7 16. Rfc1 Nd7 17. Bc2 Ndc5 18. Qg3 f5 19. exf5 Bxf5 20. Rab1 Qf7
21. Ne3 Bxc2 22. Rxc2 Rab8 23. Rcb2 Rbc8 24. f3 c6 25. dxc6 Rxc6 26. Rd2 Qe6
27. Nd5 h6 28. Qh4 Rf7 29. Qc4 Kh7 30. Ne3 Qg6 31. Qc2 Rf4 32. Bxc5 Nxc5 33.
Qxg6+ Kxg6 34. Rbd1 Nb7 35. Rb1 Rf7 36. Nd5 Nc5 37. Rbd1 Kg5 38. Ne3 Nb7 39.
Nd5 Kf5 40. Kf2 Ke6 41. Ke3 Na5 42. Ke2 Rb7 43. Ne3 Rcb6 44. Ke1 Rc6 45. Ke2
Rd7 46. Rb1 Nb7 47. Rbd1 Rc5 48. Nd5 Na5 49. Nb6 Rd8 50. Nd5 Nc4 51. Rc2 Rxd5
52. Rxc4 Rxd1 53. Kxd1 d5 54. Rc7 Rd7 55. Rc6+ Rd6 56. Rc7 Kf6 57. a4 g5 58. g4
e4 59. fxe4 dxe4+ 60. Ke2 Ke5 61. Rf7 Rd4 62. Rf5+ Ke6 63. Ra5 Rb4 64. Ke3 Kf6
65. Rxa6+ Ke5 66. Ra5+ Kf6 67. Ra8 Rb2 68. a5 Rxh2 69. a6 Ra2 70. Kxe4 Ra4+ 71.
Kd5 Rxg4 72. a7 Kg7 73. Rg8+ Kxg8 74. a8=Q+ Kg7 75. Qc6 Rf4 76. Ke5 h5 77. Qd7+
Rf7 78. Qh3 h4 79. Qg4 Kg6 80. Qe6+ Kg7 81. Qg4 1/2-1/2

[Event "Campeonato Brasileiro Amador 2019 U1800"]
[Site "Sao Paulo"]
[Date "2019.06.20"]
[Round "1.11"]
[White "Potasso Junior, Alvaro"]
[Black "Abilhoa, Gustavo Auer"]
[Result "0-1"]
[WhiteElo "1606"]
[BlackElo "1767"]
[PlyCount "164"]
[EventDate "2019.06.20"]

1. e4 c5 2. Bc4 e6 3. c3 Qc7 4. d3 Nc6 5. f4 d6 6. Nf3 g6 7. O-O Nge7 8. Bb3
Bg7 9. Qe1 O-O 10. Na3 a6 11. Qh4 b5 12. f5 exf5 13. Bh6 fxe4 14. dxe4 c4 15.
Bxg7 Kxg7 16. Bc2 Ne5 17. Nxe5 Qc5+ 18. Kh1 Qxe5 19. Rf3 Nc6 20. Raf1 f6 21. b3
cxb3 22. axb3 Qe7 23. b4 Ne5 24. R3f2 Be6 25. Rd2 Rac8 26. Qg3 Qc7 27. Nb1 Rfd8
28. Qf4 Rf8 29. Rfd1 Rcd8 30. h3 Ba2 31. Qg3 Bxb1 32. Bxb1 Qc6 33. Rd5 Rf7 34.
Ba2 Rc7 35. Kh2 Qxc3 36. Qxc3 Rxc3 37. Rxd6 Rxd6 38. Rxd6 Ra3 39. Bd5 Ra4 40.
Bb7 Rxb4 41. Rxa6 Rb2 42. Kg3 h5 43. h4 Rb3+ 44. Kf2 b4 45. Rb6 Ng4+ 46. Ke2
Rb2+ 47. Kf3 b3 48. Bd5 Rf2+ 49. Kg3 b2 50. Rb7+ Kf8 51. Be6 Rd2 52. Bxg4 hxg4
53. Kxg4 Rxg2+ 54. Kf3 Rd2 55. Kf4 Ke8 56. e5 Rd4+ 57. Ke3 fxe5 58. h5 gxh5 59.
Rxb2 Kf7 60. Rb6 h4 61. Kf3 Ke7 62. Rh6 Rb4 63. Kg2 Rg4+ 64. Kf3 Rf4+ 65. Ke3
Kf7 66. Rh5 Kf6 67. Rh8 Rb4 68. Kf3 h3 69. Kg3 Rb3+ 70. Kg4 Ke6 71. Re8+ Kd5
72. Kf5 Rf3+ 73. Kg4 e4 74. Rd8+ Kc4 75. Rd1 h2 76. Rh1 Rf2 77. Kg3 e3 78. Rc1+
Kd3 79. Ra1 Rc2 80. Kf3 Rc6 81. Ra3+ Kd2 82. Kg2 e2 0-1

[Event "Campeonato Brasileiro Amador 2019 U1800"]
[Site "Sao Paulo"]
[Date "2019.06.20"]
[Round "1.12"]
[White "Fischer Schilling, Ian"]
[Black "Nobre, Jose Adalberto Barbo"]
[Result "1-0"]
[WhiteElo "1763"]
[BlackElo "1593"]
[PlyCount "77"]
[EventDate "2019.06.20"]

1. e4 c5 2. Nf3 g6 3. d4 cxd4 4. Nxd4 Nc6 5. c4 Nf6 6. Nc3 Nxd4 7. Qxd4 Bg7 8.
Be2 O-O 9. O-O d6 10. Qd3 Be6 11. f3 Qa5 12. Bd2 Rfc8 13. b3 Qd8 14. Rad1 a6
15. Kh1 b5 16. cxb5 axb5 17. Qxb5 Nd7 18. Qd3 Ne5 19. Qb1 Nc6 20. Nd5 Bd4 21.
Bg5 f6 22. Bh4 Bf7 23. Bb5 Ba7 24. Ba6 Rcb8 25. Rc1 Bxd5 26. exd5 Nb4 27. Bc4
Be3 28. Rce1 Bd2 29. Re2 Rxa2 30. Rd1 Rba8 31. Rexd2 Qa5 32. Rxa2 Nxa2 33. Qe4
Kf8 34. Re1 Ra7 35. Bf2 Rc7 36. Ra1 Qd2 37. Be3 Qb2 38. Bd4 Nc3 39. Qe1 1-0

[Event "Campeonato Brasileiro Amador 2019 U1800"]
[Site "Sao Paulo"]
[Date "2019.06.20"]
[Round "1.14"]
[White "Rodio, Julia Brunetto"]
[Black "Santos, Marcos Correia"]
[Result "1-0"]
[WhiteElo "1756"]
[BlackElo "1567"]
[PlyCount "97"]
[EventDate "2019.06.20"]

1. e4 e6 2. Nc3 d5 3. Nf3 Nf6 4. e5 Nfd7 5. d4 c5 6. dxc5 Bxc5 7. Bd3 Nc6 8.
Bf4 Qb6 9. O-O Qxb2 10. Nb5 O-O 11. Bd2 d4 12. Qe2 a6 13. Rfb1 Qxa1 14. Rxa1
axb5 15. Bxb5 f6 16. exf6 Nxf6 17. Bc4 Kh8 18. Ng5 Nd5 19. Nxe6 Bxe6 20. Qxe6
Nb6 21. Bd3 Rae8 22. Qh3 g6 23. Bxg6 Re7 24. Bh6 Rg8 25. Bd3 Nd5 26. Qf5 Ncb4
27. Bf8 Nxd3 28. cxd3 b6 29. Qxd5 Rxf8 30. Kf1 Rfe8 31. Qh5 Bb4 32. g3 Re5 33.
Qg4 Bc3 34. Rb1 b5 35. Qd7 b4 36. Qg4 Re2 37. Qxe2 Rxe2 38. Kxe2 Kg7 39. Rb3
Kf7 40. a3 bxa3 41. Rxa3 Kg6 42. Kf3 Kg7 43. Ke4 Kf7 44. Ra7+ Kg6 45. f4 Be1
46. Ra6+ Kh5 47. Kxd4 h6 48. Kc5 Kg4 49. Rxh6 1-0

[Event "Campeonato Brasileiro Amador 2019 U1800"]
[Site "Sao Paulo"]
[Date "2019.06.20"]
[Round "1.15"]
[White "De Souza Jr, Fernando Luiz"]
[Black "Borges, Leonardo Hisao Herai"]
[Result "0-1"]
[WhiteElo "1563"]
[BlackElo "1748"]
[PlyCount "72"]
[EventDate "2019.06.20"]

1. c4 Nf6 2. Nc3 d5 3. cxd5 Nxd5 4. g3 g6 5. Bg2 Nb6 6. Nf3 Bg7 7. O-O Nc6 8.
d3 O-O 9. Be3 e5 10. Rc1 Nd4 11. Nd2 f5 12. Bxd4 exd4 13. Na4 c6 14. Nc5 Re8
15. Qb3+ Kh8 16. Rfe1 Bh6 17. Rc2 Qd6 18. Nf3 Rb8 19. Qb4 Bg7 20. Ng5 Qe7 21.
Nf3 Nd7 22. Qa3 b6 23. Nb3 Qxa3 24. bxa3 c5 25. a4 Ne5 26. a5 Ba6 27. Kf1 Nxd3
28. exd3 Bxd3+ 29. Ree2 Rxe2 30. Rxe2 Re8 31. Nc1 Bxe2+ 32. Nxe2 d3 33. Nc1 c4
34. axb6 axb6 35. Nd2 Bc3 36. Nxc4 Re1# 0-1

[Event "Campeonato Brasileiro Amador 2019 U1800"]
[Site "Sao Paulo"]
[Date "2019.06.20"]
[Round "1.16"]
[White "Arruda Filho, Ivo Pereira De"]
[Black "Hayashi, Kaito"]
[Result "1/2-1/2"]
[WhiteElo "1742"]
[BlackElo "1561"]
[PlyCount "52"]
[EventDate "2019.06.20"]

1. d4 e6 2. Nf3 Nf6 3. Bg5 d5 4. e3 b6 5. Bd3 Bb7 6. O-O Be7 7. Nbd2 Nbd7 8. c4
O-O 9. Rc1 c5 10. Re1 Re8 11. b3 h6 12. Bh4 Rc8 13. Bg3 Ne4 14. Bb1 Ndf6 15.
Nxe4 Nxe4 16. Nd2 Nxg3 17. hxg3 cxd4 18. exd4 dxc4 19. Nxc4 Bf6 20. Be4 Bxe4
21. Rxe4 Qd5 22. f3 Red8 23. Ne5 Rxc1 24. Qxc1 Bxe5 25. dxe5 Qd1+ 26. Qxd1
Rxd1+ 1/2-1/2

[Event "Campeonato Brasileiro Amador 2019 U1800"]
[Site "Sao Paulo"]
[Date "2019.06.20"]
[Round "1.17"]
[White "Paula, Hugo De Araujo"]
[Black "Mesquita, Arnaldo Leite"]
[Result "0-1"]
[WhiteElo "1557"]
[BlackElo "1741"]
[PlyCount "60"]
[EventDate "2019.06.20"]

1. d4 Nf6 2. Nf3 e6 3. e3 c5 4. b3 cxd4 5. exd4 d5 6. Bd3 Nc6 7. O-O Be7 8. Bb2
O-O 9. a3 Bd7 10. Nbd2 Rc8 11. Ne5 Qc7 12. f4 g6 13. Rc1 Nh5 14. Be2 Ng7 15. g4
f6 16. Nxd7 Qxd7 17. Bf3 Bd6 18. Bg2 Qc7 19. Qf3 g5 20. fxg5 Bxh2+ 21. Kh1 fxg5
22. Qe2 Bf4 23. c4 Rf6 24. Rf3 Rcf8 25. Qd3 Bxd2 26. Rxf6 Rxf6 27. Qxd2 Rh6+
28. Kg1 Qh2+ 29. Kf2 Rf6+ 30. Ke1 Qg1+ 0-1

[Event "Campeonato Brasileiro Amador 2019 U1800"]
[Site "Sao Paulo"]
[Date "2019.06.20"]
[Round "1.18"]
[White "Palomino, Alexandre Cardoso De"]
[Black "Pereira Fo, Hildebrando Apolonio"]
[Result "0-1"]
[WhiteElo "1740"]
[BlackElo "1550"]
[PlyCount "66"]
[EventDate "2019.06.20"]

1. d4 d5 2. c4 c6 3. Nf3 g6 4. Nc3 Bg7 5. Bf4 Nh6 6. cxd5 cxd5 7. e3 Nc6 8. Qb3
e6 9. Qa3 Nf5 10. Nb5 e5 11. dxe5 Be6 12. g4 Bf8 13. Qc3 Bb4 14. gxf5 Bxc3+ 15.
bxc3 Bxf5 16. Nd6+ Kd7 17. Nxf7 Qa5 18. Rd1 Qxc3+ 19. Rd2 Rhf8 20. Nd6 Bg4 21.
Bg2 Ne7 22. Ne4 Qc4 23. Nf6+ Rxf6 24. exf6 Nc6 25. Rxd5+ Ke8 26. f7+ Kxf7 27.
Ng5+ Kg8 28. Kd2 Qxa2+ 29. Kc3 Qa3+ 30. Kd2 Qb2+ 31. Kd3 Nb4+ 32. Ke4 Nxd5 33.
Kxd5 Rd8+ 0-1

[Event "Campeonato Brasileiro Amador 2019 U1800"]
[Site "Sao Paulo"]
[Date "2019.06.20"]
[Round "1.19"]
[White "Neto, Valdeno Brito"]
[Black "Jenidarchiche, Douglas Rodrigo"]
[Result "0-1"]
[WhiteElo "1534"]
[BlackElo "1737"]
[PlyCount "70"]
[EventDate "2019.06.20"]

1. e4 c5 2. Nf3 Nc6 3. d4 cxd4 4. Nxd4 g6 5. c4 Bg7 6. Be3 Nf6 7. Nc3 d6 8. Be2
O-O 9. O-O Bd7 10. Qd2 Nxd4 11. Bxd4 Bc6 12. Qe3 Nd7 13. Bxg7 Kxg7 14. Rad1 a5
15. f4 a4 16. Kh1 Qb6 17. Qxb6 Nxb6 18. Nd5 Bxd5 19. cxd5 Nd7 20. Rc1 Nc5 21.
Rc4 h5 22. g3 Ra5 23. Rb4 Rc8 24. Rc1 a3 25. b3 Nd3 26. Rxc8 Nxb4 27. Rc1 Nxa2
28. Ra1 Nb4 29. Kg2 a2 30. Bd1 Rc5 31. Kf3 f5 32. Ke3 fxe4 33. Kxe4 Nxd5 34.
Kd4 Nb4 35. Ke4 Kf6 0-1

[Event "Campeonato Brasileiro Amador 2019 U1800"]
[Site "Sao Paulo"]
[Date "2019.06.20"]
[Round "1.20"]
[White "De Moura, Valderi Nascimento"]
[Black "Haraguchi, Matheus Sashaki"]
[Result "1-0"]
[WhiteElo "1735"]
[BlackElo "1524"]
[PlyCount "75"]
[EventDate "2019.06.20"]

1. e4 c5 2. f4 e6 3. Nf3 d6 4. c4 Nd7 5. Nc3 a6 6. Be2 Ne7 7. O-O g6 8. d4 Bg7
9. Be3 O-O 10. Qd2 b6 11. Rf2 Bb7 12. d5 exd5 13. cxd5 b5 14. Bd3 Rc8 15. Raf1
b4 16. Ne2 Nf6 17. h3 Re8 18. Ng3 a5 19. Ng5 c4 20. Bc2 Ba6 21. Re1 c3 22. bxc3
Rxc3 23. Nf3 Rc8 24. Bd4 Bc4 25. Ba4 Rf8 26. Qb2 Ne8 27. Bxe8 Bxd4 28. Bxf7+
Rxf7 29. Nxd4 Qb6 30. Ne6 g5 31. Kh2 h6 32. Nh5 Rh7 33. Nf6+ Kf7 34. Nxh7 Ng8
35. Qg7+ Ke8 36. Qxg8+ Kd7 37. Nf6+ Ke7 38. Qg7# 1-0

[Event "Campeonato Brasileiro Amador 2019 U1800"]
[Site "Sao Paulo"]
[Date "2019.06.20"]
[Round "1.21"]
[White "Haraguchi, Diego Sashaki"]
[Black "Rial, Antonio Marcos Pinon"]
[Result "1/2-1/2"]
[WhiteElo "1524"]
[BlackElo "1735"]
[PlyCount "196"]
[EventDate "2019.06.20"]

1. d4 g6 2. c4 c6 3. Nc3 d5 4. cxd5 cxd5 5. Bg5 Qb6 6. Qd2 Be6 7. e3 a6 8. Bd3
f6 9. Bh4 Nh6 10. Nge2 Nf5 11. Bxf5 gxf5 12. Nf4 Qc6 13. Rc1 Qd7 14. Qe2 h5 15.
Ng6 Rh6 16. Nxf8 Kxf8 17. b3 b5 18. Qc2 f4 19. Ne2 Bf5 20. Qc5 fxe3 21. fxe3
Kf7 22. Nf4 Be4 23. Qc8 Qg4 24. Bf2 Qxc8 25. Rxc8 e5 26. Rc7+ Ke8 27. Ne6 Nd7
28. Rc6 Ke7 29. Nc7 Rg8 30. Rg1 Rhg6 31. g3 f5 32. Rxa6 Rxa6 33. Nxa6 Rc8 34.
Nb4 Ke6 35. Kd2 Nf6 36. Rc1 Rxc1 37. Kxc1 exd4 38. exd4 Bf3 39. Kd2 Ne4+ 40.
Ke3 Bd1 41. Be1 Bg4 42. Nd3 Ng5 43. Bb4 Ne4 44. Nf4+ Kd7 45. Nxd5 Kc6 46. Ne7+
Kd7 47. Ng6 Ke6 48. Nf4+ Kd7 49. Nd3 Kc7 50. Nf4 Nf6 51. Ne6+ Kd7 52. Ng7 Nd5+
53. Kd2 Nxb4 54. a4 bxa4 55. bxa4 Ke7 56. h3 Bxh3 57. Nxh5 Nd5 58. Ng7 Bg4 59.
Kd3 Kf7 60. Nxf5 Bxf5+ 61. Kc4 Ke6 62. Kc5 Nc3 63. a5 Kd7 64. a6 Kc7 65. d5
Ne4+ 66. Kb5 Nxg3 67. a7 Kb7 68. a8=Q+ Kxa8 69. d6 Kb8 70. Kc6 Kc8 71. Kd5 Kd7
72. Ke5 Be6 73. Kf4 Nf5 74. Ke5 Nxd6 75. Kd4 Kc6 76. Kc3 Ba2 77. Kd4 Nf7 78.
Ke4 Kd6 79. Kd4 Ng5 80. Kd3 Kd5 81. Ke3 Bb1 82. Kf4 Ne6+ 83. Ke3 Bg6 84. Ke2
Kc4 85. Kd2 Kb3 86. Kc1 Ka2 87. Kd1 Kb2 88. Kd2 Bc2 89. Ke2 Kc1 90. Ke3 Bg6 91.
Ke2 Kc2 92. Ke3 Kd1 93. Kf3 Kd2 94. Kf2 Bh5 95. Kg3 Ke3 96. Kh4 Be2 97. Kh3
Ng5+ 98. Kh4 Kf4 1/2-1/2

[Event "Campeonato Brasileiro Amador 2019 U1800"]
[Site "Sao Paulo"]
[Date "2019.06.20"]
[Round "1.22"]
[White "Lara, Diego Costa"]
[Black "Reis, Antonio Ferreira Da "]
[Result "1-0"]
[WhiteElo "1729"]
[BlackElo "1482"]
[PlyCount "124"]
[EventDate "2019.06.20"]

1. d4 Nf6 2. c4 c5 3. e3 cxd4 4. exd4 e6 5. a3 b6 6. Nf3 Bb7 7. g3 Be7 8. Bg2
O-O 9. O-O d5 10. cxd5 Nxd5 11. Nc3 Nd7 12. Nxd5 Bxd5 13. Bf4 Rc8 14. Qa4 a5
15. Rac1 Nf6 16. Qb5 Rxc1 17. Rxc1 Bd6 18. Ne5 Bxg2 19. Kxg2 Nd5 20. Bd2 Qf6
21. Nd7 Qxd4 22. Nxf8 Qxd2 23. Rc8 Bxf8 24. Qe8 Nf4+ 25. gxf4 Qd5+ 26. Kg3 Qd3+
27. f3 Qd6 28. Qd8 Qxd8 29. Rxd8 f5 30. Rb8 Kf7 31. Rxb6 Bc5 32. Rb5 Bd4 33. b3
Bc3 34. b4 axb4 35. axb4 Ke7 36. Rb7+ Kd6 37. b5 Bd4 38. Rb8 Kc7 39. Re8 Kd7
40. Ra8 Kc7 41. Ra6 Kd7 42. Rc6 h6 43. Rc1 Bb6 44. Kg2 Be3 45. Rc4 Kd6 46. Kf1
Kd5 47. Rc7 Bxf4 48. Rxg7 Kc5 49. Rg6 Kxb5 50. Rxe6 Kc4 51. Kg2 Kd5 52. Re8 Kd6
53. h4 Kd7 54. Re2 Bd6 55. h5 Be7 56. Re5 f4 57. Kh3 Ke8 58. Kg4 Kf7 59. Kxf4
Bf6 60. Kf5 Bxe5 61. Kxe5 Kg7 62. Kf5 Kf7 1-0

[Event "Campeonato Brasileiro Amador 2019 U1800"]
[Site "Sao Paulo"]
[Date "2019.06.20"]
[Round "1.23"]
[White "Yokomizo, Wilton"]
[Black "Martins De Aguiar, Marina"]
[Result "0-1"]
[WhiteElo "1468"]
[BlackElo "1724"]
[PlyCount "64"]
[EventDate "2019.06.20"]

1. e4 c5 2. Nf3 e6 3. d4 cxd4 4. Nxd4 Nf6 5. Nc3 Nc6 6. Bb5 Bb4 7. Bg5 Qa5 8.
O-O Nxd4 9. Bxf6 gxf6 10. Qxd4 Bxc3 11. bxc3 Qxb5 12. Rab1 Qe5 13. Qd3 b6 14.
Rb5 Qc7 15. Rh5 Bb7 16. Re1 O-O-O 17. f4 Qxf4 18. e5 Qg4 19. Qh3 Qxh3 20. Rxh3
Rdg8 21. g3 f5 22. Rh4 Rg4 23. Rxg4 fxg4 24. Rf1 Bf3 25. h3 h5 26. h4 Kb7 27.
Rf2 Rc8 28. Rd2 Kc7 29. Rd4 Kd8 30. c4 Rc5 31. Rf4 Ke7 32. Kf2 Rxe5 0-1

[Event "Campeonato Brasileiro Amador 2019 U1800"]
[Site "Sao Paulo"]
[Date "2019.06.20"]
[Round "1.24"]
[White "Santos, Jose Antonio Dos"]
[Black "Da Cunha, Gabriela Goes"]
[Result "1-0"]
[WhiteElo "1720"]
[BlackElo "1457"]
[PlyCount "137"]
[EventDate "2019.06.20"]

1. d4 Nf6 2. Nf3 e6 3. e3 b6 4. Bd3 Bb7 5. O-O d5 6. b3 Bd6 7. Bb2 Nbd7 8. Nbd2
O-O 9. Ne5 Ne4 10. f3 Nxd2 11. Qxd2 Nf6 12. Qe2 c5 13. g4 cxd4 14. exd4 Qc7 15.
Rac1 Bxe5 16. Qxe5 Qxe5 17. dxe5 Nd7 18. h4 Nc5 19. Be2 Rac8 20. Kf2 Ba6 21.
Ke3 Bxe2 22. Kxe2 Rfd8 23. Bd4 h6 24. c3 a6 25. Rc2 Rc6 26. Ke3 Rdc8 27. Rfc1
Kf8 28. c4 Nd7 29. Kd3 dxc4+ 30. Rxc4 Rxc4 31. Rxc4 Rxc4 32. Kxc4 Ke7 33. Bc3
Kd8 34. f4 g6 35. Bb4 h5 36. gxh5 gxh5 37. Kd4 f6 38. exf6 Nxf6 39. Ke5 Nd5 40.
Bd2 Ke7 41. f5 Nc7 42. Bg5+ Kf7 43. Bd8 exf5 44. Bxc7 b5 45. Kxf5 Kg7 46. Ke6
Kg6 47. Bd8 Kh6 48. Kf6 Kh7 49. Kg5 Kg7 50. Kxh5 Kh7 51. Kg5 Kg7 52. Kf5 Kh6
53. Ke5 Kh5 54. Kd5 Kh6 55. a4 bxa4 56. bxa4 Kh5 57. Kc5 Kh6 58. Kb6 Kh7 59.
Kxa6 Kh6 60. a5 Kh5 61. Kb5 Kh6 62. Kc5 Kh5 63. a6 Kh6 64. a7 Kh5 65. a8=Q Kh6
66. Qg2 Kh7 67. Bf6 Kh6 68. Qg5+ Kh7 69. Qg7# 1-0

[Event "Campeonato Brasileiro Amador 2019 U1800"]
[Site "Sao Paulo"]
[Date "2019.06.20"]
[Round "1.25"]
[White "Conrado, Carlos Alberto"]
[Black "De Oliveira, Joao Eudes"]
[Result "1-0"]
[WhiteElo "1447"]
[BlackElo "1717"]
[PlyCount "77"]
[EventDate "2019.06.20"]

1. d4 Nf6 2. c4 e6 3. Nc3 Bb4 4. e3 b6 5. Bd3 Bb7 6. Nf3 d6 7. O-O O-O 8. Qc2
Nbd7 9. e4 c5 10. d5 e5 11. Nb5 Qe7 12. a3 a6 13. Nxd6 Qxd6 14. axb4 cxb4 15.
h3 Nc5 16. b3 a5 17. Bb2 Nfd7 18. Nd2 Nxd3 19. Qxd3 Nc5 20. Qg3 f6 21. f4 Rae8
22. fxe5 fxe5 23. Rxf8+ Kxf8 24. Rf1+ Kg8 25. Rf5 Nd7 26. Nf3 Bc8 27. Rg5 Re7
28. Nxe5 Nf6 29. Nc6 Qxg3 30. Nxe7+ Kf7 31. Rxg3 Nh5 32. Nxc8 Nxg3 33. e5 Ne4
34. e6+ Ke8 35. d6 g6 36. d7+ Kd8 37. Nxb6 Ke7 38. Nd5+ Kd8 39. c5 1-0